000 01245nam a2200313 i 4500
001 173152
003 ES-MaACL
005 20250821063106.0
007 t|
008 091112s2006 sp ||||1| spa d
020 _a84-7914-837-3
080 _a224.6/.99.07
100 0 _aJerónimo,
_cSanto
_966343
245 1 0 _aComentario a Ezequiel
_b: (libros IX-XIV) ; Comentario a Daniel /
_cSan Jerónimo ; traducción de Hipólito-B. Riesco Alvarez ; edición bilingüe promovida por la Orden de San Jerónimo.
250 _aEd. bilingüe.
260 _aMadrid :
_bBiblioteca de Autores Cristianos,
_c2006.
300 _aXII, 794 p. ;
_c21 cm.
490 1 _aBiblioteca de autores cristianos ;
_v662
490 1 _aObras completas de San Jerónimo ;
_v5b
500 _aTexto en latín y castellano.
630 0 7 _aBiblia.
_pA.T.-
_xProfetas menores-
_vComentarios.
_9119252
700 1 _aRiesco Álvarez, Hipólito-Benjamín.
_9138644
730 0 0 _aBiblia.
_pA. T.
_pEzequiel
_x-Comentarios.
_9167085
730 0 _aBiblia.
_pA. T.
_pDaniel
_9141537
830 0 0 _aBiblioteca de autores cristianos
_v662
_9178679
830 0 _aObras completas de San Jerónimo ;
_v5b
_9183043
852 _aES-MaACL
_jJ-649
999 _c173152
_d173152